Statistics for Formula 3 Race Winners

Click here to take the quiz!

General Stats

  • This quiz has been taken 6 times
    (3 since last reset)
  • The average score is 29 of 34

Answer Stats

WinsYears ActiveCountryAnswer% Correct
32021-presentRussiaAlexander Smolyar
100%
32021-presentMonacoArthur Leclerc
100%
22019-2020GermanyDavid Beckmann
100%
12021-presentGermanyDavid Schumacher
100%
42020-2021NorwayDennis Hauger
100%
12022ArgentinaFranco Colapinto
100%
32020-2021DenmarkFrederik Vesti
100%
22022FranceIsack Hadjar
100%
42020-2021AustraliaJack Doohan
100%
22019IndiaJehan Daruvala
100%
32019EstoniaJuri Vips
100%
12019-2020ItalyLeonardo Pulcini
100%
32019-2020New ZealandLiam Lawson
100%
12019-2020GermanyLirim Zendeli
100%
22019-2021USALogan Sargeant
100%
12021ItalyLorenzo Colombo
100%
32019New ZealandMarcus Armstrong
100%
12020-2021ItalyMatteo Nannini
100%
12020-presentCzechRoman Stanek
100%
22020FranceTheo Pourchaire
100%
32021-presentFranceVictor Martins
100%
12019JapanYuki Tsunoda
100%
12021JapanAyumu Iwasa
67%
12019-2021NetherlandsBent Viscaal
67%
12021-presentBrazilCaio Collet
67%
12022SpainDavid Vidales
67%
12021-presentUSAJak Crawford
67%
22019-2021UKJake Hughes
67%
12022UKOliver Bearman
67%
12020-2021UKOlli Caldwell
67%
22020AustraliaOscar Piastri
67%
12019BrazilPedro Piquet
67%
32019RussiaRobert Shwartzman
67%
12019DenmarkChristian Lungaard
0%

Score Distribution

Percentile by Number Answered

Percent of People with Each Score

Your Score History

You have not taken this quiz since the last reset